Martin Scorsese Films - Sudden Death - Statistics

General Stats
  • This quiz has been taken 64 times
  • The average score is 10 of 16
Answers on the Grid
Answers color-coded by a green-red scale on the quiz's grid according to % correct below.
"Donnie Brasco" (1997) | Drama
⭐ Johnny Depp, Al Pacino, etc.
"Mystic River" (2003) | Mystery
⭐ Sean Penn, Tim Robbins, etc.
"GoodFellas" (1990) | Crime
⭐ Robert De Niro, Ray Liotta, etc.
"Silence" (2016) | Drama
⭐ Andrew Garfield, Adam Driver, etc.
"The Last Temptation of Christ" (1988) | Drama
⭐ Willem Dafoe, Harvey Keitel, etc.
"Once Upon a Time in America" (1984) | Drama
⭐ Robert De Niro, Elizabeth McGovern, etc.
"The Godfather Part II" (1974) | Drama
⭐ Al Pacino, Robert De Niro, etc.
"Alice Doesn’t Live Here Anymore" (1974) | Drama
⭐ Ellen Burstyn, Kris Kristofferson, etc.
"Chinatown" (1974) | Drama
⭐ Jack Nicholson, Faye Dunaway, etc.
"Gangs of New York" (2002) | Drama
⭐ Leonardo DiCaprio, Daniel Day-Lewis, etc.
"Kundun" (1997) | Drama
⭐ Tenzin Thuthob Tsarong, Tencho Gyalpo, etc.
"Reservoir Dogs" (1992) | Crime
⭐ Harvey Keitel, Tim Roth, etc.
"Hugo (2011) | Adventure
⭐ Asa Butterfield, Ben Kingsley, etc.
"From Dusk Till Dawn" (1996) | Thriller
⭐ George Clooney, Harvey Keitel, etc.
"New York, New York" (1977) | Music
⭐ Liza Minnelli, Robert De Niro, etc.
"The Last of the Mohicans" (1992) | Romance
⭐ Daniel Day-Lewis, Madeleine Stowe, etc.
"The Age of Innocence" (1993) | Romance
⭐ Daniel Day-Lewis, Michelle Pfeiffer, etc.
"Mean Streets" (1973) | Drama
⭐ Harvey Keitel, Robert De Niro, etc.
"Shutter Island" (2010) | Mystery
⭐ Leonardo DiCaprio, Mark Ruffalo, etc.
"Farewell My Concubine" (1993) | Drama
⭐ Leslie Cheung, Zhang Fengyi, etc.
"Casino" (1995) | Crime
⭐ Robert De Niro, Sharon Stone, etc.
"Hacksaw Ridge" (2016) | Drama
⭐ Andrew Garfield, Vince Vaughn, etc.
"There Will Be Blood" (2007) | Drama
⭐ Daniel Day-Lewis, Paul Dano, etc.
"The Departed" (2006) | Thriller
⭐ Leonardo DiCaprio, Jack Nicholson, etc.
"The French Connection" (1971) | Crime
⭐ Gene Hackman, Roy Scheider, etc.
"Scarface" (1983) | Crime
⭐ Al Pacino, Michelle Pfeiffer, etc.
"The King of Comedy" (1982) | Comedy
⭐ Robert De Niro, Jerry Lewis, etc.
"21 Grams" (2003) | Drama
⭐ Sean Penn, Naomi Watts, etc.
"Bringing Out the Dead" (1999) | Drama
⭐ Nicolas Cage, Patricia Arquette, etc.
"Revolutionary Road" (2008) | Romance
⭐ Leonardo DiCaprio, Kate Winslet, etc.
"Body of Lies" (2008) | Thriller
⭐ Leonardo DiCaprio, Russell Crowe, etc.
"The Color of Money" (1986) | Drama
⭐ Paul Newman, Tom Cruise, etc.
 
Answer Stats
Answer % Correct
"GoodFellas" (1990) | Crime
⭐ Robert De Niro, Ray Liotta, etc.
94%
"Shutter Island" (2010) | Mystery
⭐ Leonardo DiCaprio, Mark Ruffalo, etc.
81%
"Casino" (1995) | Crime
⭐ Robert De Niro, Sharon Stone, etc.
79%
"Gangs of New York" (2002) | Drama
⭐ Leonardo DiCaprio, Daniel Day-Lewis, etc.
79%
"The Departed" (2006) | Thriller
⭐ Leonardo DiCaprio, Jack Nicholson, etc.
75%
"Hugo (2011) | Adventure
⭐ Asa Butterfield, Ben Kingsley, etc.
70%
"The Last Temptation of Christ" (1988) | Drama
⭐ Willem Dafoe, Harvey Keitel, etc.
68%
"The King of Comedy" (1982) | Comedy
⭐ Robert De Niro, Jerry Lewis, etc.
66%
"Mean Streets" (1973) | Drama
⭐ Harvey Keitel, Robert De Niro, etc.
60%
"Silence" (2016) | Drama
⭐ Andrew Garfield, Adam Driver, etc.
53%
"The Color of Money" (1986) | Drama
⭐ Paul Newman, Tom Cruise, etc.
53%
"New York, New York" (1977) | Music
⭐ Liza Minnelli, Robert De Niro, etc.
49%
"The Age of Innocence" (1993) | Romance
⭐ Daniel Day-Lewis, Michelle Pfeiffer, etc.
49%
"Kundun" (1997) | Drama
⭐ Tenzin Thuthob Tsarong, Tencho Gyalpo, etc.
43%
"Alice Doesn’t Live Here Anymore" (1974) | Drama
⭐ Ellen Burstyn, Kris Kristofferson, etc.
38%
"Bringing Out the Dead" (1999) | Drama
⭐ Nicolas Cage, Patricia Arquette, etc.
38%
No matching quizzes found
Score Distribution
Percent of People with Each Score
Percentile by Number Answered
Your Score History
You have not taken this quiz